Culture of bivalve molluscs : 50 years' experience at Conwy, /

Bibliographic Details
Main Author: Walne, Peter Richard
Format: Book
Language:English
Published: West Byfleet, Surrey, Eng. : Fishing News [for the Buckland Foundation], 1974.
Series:Buckland Foundation ; book-one
Subjects:

MARC

Tag First Indicator Second Indicator Subfields
LEADER 00000cam a2200000 i 4500
001 in00000342721
005 20151011052140.0
008 751103s1974 enka b 00110 eng
010 |a  76382043  
020 |a 0852380631 
035 |a (OCoLC)01802776 
035 |9 ABL2362AM 
040 |a LWA  |c LWA  |d TXA  |d UtOrBLW 
049 |a TXAM  |c [1511752] 
050 0 0 |a SH371  |b .W34 
100 1 |a Walne, Peter Richard. 
245 1 0 |a Culture of bivalve molluscs :  |b 50 years' experience at Conwy, /  |c P. R. Walne. 
264 1 |a West Byfleet, Surrey, Eng. :  |b Fishing News [for the Buckland Foundation],  |c 1974. 
300 |a 173, xvi pages :  |b illustrations ;  |c 22 cm. 
336 |a text  |b txt  |2 rdacontent 
337 |a unmediated  |b n  |2 rdamedia 
338 |a volume  |b nc  |2 rdacarrier 
490 0 |a Buckland Foundation ; book-one 
504 |a Includes bibliographies and index. 
610 2 0 |a Fisheries Experiment Station (Conway, Wales) 
650 0 |a Oyster culture. 
650 0 |a Shellfish culture. 
999 |a MARS 
999 f f |s 2e93b111-4bf4-3d30-a728-f6e510ef87e9  |i c95935f8-01bd-303f-a996-6544371a40fc  |t 0 
952 f f |p ric  |a Texas A&M University  |b Rellis Campus  |c Joint Library Facility  |d Remote Storage  |t 0  |e SH371 .W34  |h Library of Congress classification  |i unmediated -- volume  |m A14805251116 
998 f f |a SH371 .W34  |t 0  |l Remote Storage